The Club Dumas / (Record no. 5269)

MARC details
000 -LEADER
fixed length control field 01659nam a22003137a 4500
001 - CONTROL NUMBER
control field 5269
003 - CONTROL NUMBER IDENTIFIER
control field FISKH
005 - DATE AND TIME OF LATEST TRANSACTION
control field 20241121155126.0
008 - FIXED-LENGTH DATA ELEMENTS--GENERAL INFORMATION
fixed length control field 241121b cb ||||| |||| 00| 0 eng d
020 ## - INTERNATIONAL STANDARD BOOK NUMBER
International Standard Book Number 9780156032834
040 ## - CATALOGING SOURCE
Original cataloging agency FISKH
Language of cataloging eng
Transcribing agency FISKH
Modifying agency FISKH
050 ## - LIBRARY OF CONGRESS CALL NUMBER
Classification number PQ6666.E765
082 ## - DEWEY DECIMAL CLASSIFICATION NUMBER
Classification number 863.64
100 ## - MAIN ENTRY--PERSONAL NAME
Personal name Reverte, Arturo Perez
245 ## - TITLE STATEMENT
Title The Club Dumas /
Statement of responsibility, etc. by Arturo Pérez-Reverte
250 ## - EDITION STATEMENT
Edition statement First Harvest edition 2006
260 ## - PUBLICATION, DISTRIBUTION, ETC.
Place of publication, distribution, etc. Orlando :
Name of publisher, distributor, etc. Harcout , Inc ;
Date of publication, distribution, etc. 1993 .
300 ## - PHYSICAL DESCRIPTION
Extent 362 pages :
Other physical details illustrations ;
Dimensions 21 cm .
505 ## - FORMATTED CONTENTS NOTE
Formatted contents note W <br/>
520 ## - SUMMARY, ETC.
Summary, etc. A provocative literary thriller that playfully pays tribute to classic tales of mystery and adventure Lucas Corso is a book detective, a middle-aged mercenary hired to hunt down rare editions for wealthy and unscrupulous clients. When a well-known bibliophile is found dead, leaving behind part of the original manuscript of Alexandre Dumas'sThe Three Musketeers, Corso is brought in to authenticate the fragment. He is soon drawn into a swirling plot involving devil worship, occult practices, and swashbuckling derring-do among a cast of characters bearing a suspicious resemblance to those of Dumas's masterpiece. Aided by a mysterious beauty named for a Conan Doyle heroine, Corso travels from Madrid to Toledo to Paris on the killer's trail in this twisty intellectual romp through the book world.
521 8# - TARGET AUDIENCE NOTE
Target audience note 850 <br/>
Source Lexile estimate <br/>
521 8# - TARGET AUDIENCE NOTE
Target audience note W <br/>
Source Raz-Plus <br/>
650 ## - SUBJECT ADDED ENTRY--TOPICAL TERM
Topical term or geographic name entry element Spanish
Form subdivision fiction
650 ## - SUBJECT ADDED ENTRY--TOPICAL TERM
Topical term or geographic name entry element Alexandre Dumas
Form subdivision fiction
650 ## - SUBJECT ADDED ENTRY--TOPICAL TERM
Topical term or geographic name entry element thriller
Form subdivision fiction
700 ## - ADDED ENTRY--PERSONAL NAME
Personal name Soto, Sonia
Relator term translator
942 ## - ADDED ENTRY ELEMENTS (KOHA)
Source of classification or shelving scheme Dewey Decimal Classification
Koha item type Books
Suppress in OPAC No
Holdings
Withdrawn status Lost status Source of classification or shelving scheme Damaged status Not for loan Collection Home library Current library Shelving location Date acquired Total Checkouts Full call number Barcode Date last seen Price effective from Koha item type
    Dewey Decimal Classification     Fiction Footprints International School Library Network Toul Kork Campus Footprints International School Library Network Toul Kork Campus TTP Secondary Fiction Bookshelves 11/21/2024   REV 863.64 PQ6666.E765 FISSE03136 11/21/2024 11/21/2024 Books